00301 a2200121 4500020002200000040001400022082000700036100001500043245005300058260003700111300000900148650002200157 a978-7-213-11146-4 aULA-LD-MS b32 aXI,Jinping azhejiang ,china :Uma Nova Para o Desenvolvimento aChina, bPovo de Zhejiangc2003. a461p aCiencias sociais